| 000 | 01143nam a22003257a 4500 | ||
|---|---|---|---|
| 003 | CHAP | ||
| 005 | 20220329141655.0 | ||
| 008 | 971013s1962 r 00010 d | ||
| 010 | _a72011 | ||
| 011 | _a72983 | ||
| 035 | _a82540 | ||
| 040 | _cCHAP | ||
| 090 | _aFolleto 4680 | ||
| 110 |
_aBanco Nacional de Crédito Agrícola, S. A. México _99874 |
||
| 245 | _aReglamento interior de organización del Banco Nacional de Crédito agrícola, S. A. | ||
| 260 |
_aMéxico, D. F. : _bEl Banco, _c1962 |
||
| 300 | _a53 p. | ||
| 490 |
_aBanco Nacional de Crédito Agrícola, S. A. Publicación _v; 1 |
||
| 590 |
_aBATCH-UPD _b10 _c20130110 _lUCH01 _h0347 |
||
| 590 |
_aBATCH-UPD _b10 _c20130110 _lUCH01 _h1943 |
||
| 590 |
_aBATCH-UPD _b10 _c20130410 _lUCH01 _h0021 |
||
| 590 |
_aBATCH-UPD _b10 _c20130914 _lUCH01 _h0531 |
||
| 590 |
_aCONVERSION _b10 _c20130109 _lUCH01 _h1339 |
||
| 650 | 1 | 4 |
_aBancos agrícolas. _99898 |
| 650 | 1 | 4 |
_aCrédito agrícola _xSociedades. _929079 |
| 830 | 0 |
_aBanco Nacional de Crédito Agrícola, S. A. Publicación _v; 1 _99875 |
|
| 901 | _aBK | ||
| 942 | _cFOLL | ||
| 949 |
_aFolleto 4680 _bBC _cFOLL _d-36655 _eTS1 _i82540 _si |
||
| 999 |
_c72011 _d72011 |
||